Pakistan annual law digest : (Record no. 46975)
[ view plain ]
| 000 -LEADER | |
|---|---|
| fixed length control field | 00835nam a2200229 a 4500 |
| 001 - CONTROL NUMBER | |
| control field | 46975 |
| 003 - CONTROL NUMBER IDENTIFIER | |
| rucl marc code | BD-RjUL |
| 005 - DATE AND TIME OF LATEST TRANSACTION | |
| control field | 20211209054235.0 |
| 008 - FIXED-LENGTH DATA ELEMENTS--GENERAL INFORMATION | |
| fixed length control field | 160806s1967 pk r 0 a0eng |
| 035 ## - SYSTEM CONTROL NUMBER | |
| System control number | (BD-RjUL)47094 |
| 040 ## - CATALOGING SOURCE | |
| Original cataloging agency | DLC |
| Transcribing agency | MUL |
| Modifying agency | COO |
| -- | DLC |
| -- | HUL |
| -- | NSD |
| -- | CRL |
| -- | DLC |
| -- | OCL |
| -- | EQO |
| -- | BD-RjUL |
| Language of cataloging | eng |
| 041 ## - LANGUAGE CODE | |
| Language code of text/sound track or separate title | eng |
| 082 00 - DEWEY DECIMAL CLASSIFICATION NUMBER | |
| Classification number | 348.5491046 |
| Edition number | 23 |
| Author mark and year | PAK 1967 |
| 245 00 - TITLE STATEMENT | |
| Title | Pakistan annual law digest : |
| Remainder of title | a yearly publication containing digest of cases reported in important legal journals during the year -1967- / |
| Statement of responsibility, etc. | editor Kameruddin Bin Abbas |
| 246 17 - VARYING FORM OF TITLE | |
| Title proper/short title | Annual law digest |
| 260 ## - PUBLICATION, DISTRIBUTION, ETC. (IMPRINT) | |
| Place of publication, distribution, etc. | Lahore : |
| Name of publisher, distributor, etc. | Pakistan Annual Law Digest Office, |
| Date of publication, distribution, etc. | [1967 ?] |
| 300 ## - PHYSICAL DESCRIPTION | |
| Pagination | lxxxlx, 574 p. ; |
| Size | 25 cm. |
| 650 #0 - SUBJECT ADDED ENTRY--TOPICAL TERM | |
| Topical term or geographic name as entry element | Law reports, digests, etc. |
| Geographic subdivision | Pakistan. |
| 9 (RLIN) | 140809 |
| 700 ## - ADDED ENTRY--PERSONAL NAME | |
| Personal name | Abbas, Kameruddin Bin |
| 942 ## - ADDED ENTRY ELEMENTS (KOHA) | |
| Source of classification or shelving scheme | Dewey Decimal Classification |
| Koha item type | Books |
| Lost status | Source of classification or shelving scheme | Damaged status | Not for loan | Collection code | Permanent Location | Current Location | Shelving location | Date acquired | Source of acquisition | Cost, normal purchase price | Total Checkouts | Full call number | Date last seen | Copy number | Koha item type |
|---|---|---|---|---|---|---|---|---|---|---|---|---|---|---|---|
| Dewey Decimal Classification | Not For Loan | Non-fiction | Central Library, University of Rajshahi | Central Library, University of Rajshahi | Reading Room | 10/05/1969 | Warish Book corp. , Dacca | 15.00 | 348.5491046 PAK 1967 | 06/08/2016 | C-1 | Books | |||
| Dewey Decimal Classification | Non-fiction | Central Library, University of Rajshahi | Central Library, University of Rajshahi | 25/08/1972 | Paramaunt | 16.00 | 348.5491046 PAK 1967 | 09/08/2016 | C-3 | Books | |||||
| Dewey Decimal Classification | Non-fiction | Central Library, University of Rajshahi | Central Library, University of Rajshahi | 25/08/1972 | Paramount | 16.00 | 348.5491046 PAK 1967 | 21/08/2016 | C-4 | Books |